[Event "DEN-ch"]
[Site "Svendborg"]
[Date "2024.03.27"]
[Round "5"]
[White "Thybo, Jesper Sondergaard"]
[Black "Jacobsen, Mikkel Manosri"]
[Result "1-0"]
[WhiteElo "2542"]
[BlackElo "2367"]
[PlyCount "49"]
[EventDate "2024.03.23"]
[EventType "tourn"]
[EventRounds "9"]
[EventCountry "DEN"]
[EventCategory "7"]
[SourceTitle "CB14_2024"]
[SourceDate "2024.04.01"]
[SourceVersion "1"]
[SourceVersionDate "2024.04.01"]
[SourceQuality "1"]

1. d4 d5 2. c4 c6 3. Nf3 Nf6 4. e3 Bf5 5. Nc3 e6 6. Nh4 Be4 7. f3 Bg6 8. Qb3 Qc7 9. Bd2 Be7 10. Nxg6 hxg6 11. 0-0-0 a6 12. Kb1 dxc4 13. Qxc4 Nbd7 14. e4 Rxh2 15. Rxh2 Qxh2 16. e5 Nd5 17. Nxd5 cxd5 18. Qb3 b5 19. a4 Nb6 20. axb5 a5 21. Bxa5 Nd7 22. Bc7 Bd8 23. b6 Bxc7 24. bxc7 Rc8 25. Qb7 1-0

[Event "Bundesliga 2324"]
[Site "Germany"]
[Date "2024.03.16"]
[Round "12.6"]
[White "Thybo, Jesper Sondergaard"]
[Black "Kraus, Tomas"]
[Result "1/2-1/2"]
[WhiteElo "2539"]
[BlackElo "2491"]
[PlyCount "79"]
[EventDate "2023.10.21"]
[EventType "team-tourn"]
[EventRounds "15"]
[EventCountry "GER"]
[SourceTitle "CB13_2024"]
[SourceDate "2024.03.27"]
[SourceVersion "1"]
[SourceVersionDate "2024.03.27"]
[SourceQuality "1"]
[WhiteTeam "Kiel Turm"]
[BlackTeam "Heimbach Weis Neuwied"]
[WhiteTeamCountry "GER"]
[BlackTeamCountry "GER"]

1. d4 d5 2. Nf3 e6 3. g3 b6 4. Bg2 Bb7 5. 0-0 Nd7 6. b3 c5 7. Bb2 Ngf6 8. Nbd2 Be7 9. c4 0-0 10. cxd5 exd5 11. Ne5 Re8 12. Rc1 Nf8 13. Nd3 Ne6 14. dxc5 bxc5 15. Bxf6 Bxf6 16. Nxc5 Nxc5 17. Rxc5 Qe7 18. Rxd5 Bxd5 19. Bxd5 Rad8 20. e4 Qb4 21. Qc2 Qc3 22. Rc1 Rc8 23. Nc4 Qxc2 24. Rxc2 Kf8 25. Kg2 Rc7 26. f4 Rd8 27. Rd2 a5 28. a4 h5 29. h3 Rc5 30. Kf3 g6 31. Rd3 Kg7 32. Ke2 Be7 33. Rf3 f5 34. Re3 Bf6 35. Kf3 fxe4+ 36. Bxe4 Rd1 37. Ke2 Rd4 38. g4 hxg4 39. hxg4 g5 40. f5 1/2-1/2

[Event "Bundesliga 2324"]
[Site "Germany"]
[Date "2024.02.23"]
[Round "9.8"]
[White "Zwirs, Nico"]
[Black "Thybo, Jesper Sondergaard"]
[Result "1/2-1/2"]
[WhiteElo "2451"]
[BlackElo "2539"]
[PlyCount "68"]
[EventDate "2023.10.21"]
[EventType "team-tourn"]
[EventRounds "15"]
[EventCountry "GER"]
[SourceTitle "CB09_2024"]
[SourceDate "2024.02.28"]
[SourceVersion "1"]
[SourceVersionDate "2024.02.28"]
[SourceQuality "1"]
[WhiteTeam "Hamburger SK"]
[BlackTeam "Kiel Turm"]
[WhiteTeamCountry "GER"]
[BlackTeamCountry "GER"]

1. e4 c5 2. Nf3 Nc6 3. d4 cxd4 4. Nxd4 Nf6 5. Nc3 e5 6. Ndb5 d6 7. Bg5 a6 8. Na3 b5 9. Bxf6 gxf6 10. Nd5 f5 11. g3 Be6 12. exf5 Bxf5 13. Bg2 Rc8 14. 0-0 Bg7 15. c3 0-0 16. Nc2 Be6 17. a4 f5 18. axb5 axb5 19. Ncb4 Nxb4 20. Nxb4 e4 21. Ra6 Bc4 22. Rxd6 Qc7 23. Rd7 Qc5 24. Re1 Rf7 25. Rxf7 Bxf7 26. Qd7 Re8 27. Qc6 Bf8 28. Bf1 Rd8 29. Qxc5 Bxc5 30. Nc2 Rd2 31. Re2 Rd1 32. Re1 Rd2 33. Re2 Rd1 34. Re1 Rd2 1/2-1/2

[Event "DEN-chT 2324 61st"]
[Site "Denmark"]
[Date "2024.01.27"]
[Round "5.1"]
[White "Bjerre, Jonas Buhl"]
[Black "Thybo, Jesper Sondergaard"]
[Result "1-0"]
[WhiteElo "2637"]
[BlackElo "2539"]
[PlyCount "71"]
[EventDate "2023.10.28"]
[EventType "team-tourn"]
[EventRounds "9"]
[EventCountry "DEN"]
[SourceTitle "CB11_2024"]
[SourceDate "2024.03.13"]
[SourceVersion "1"]
[SourceVersionDate "2024.03.13"]
[SourceQuality "1"]
[WhiteTeam "Skanderborg Nordea"]
[BlackTeam "Hillerod"]
[WhiteTeamCountry "DEN"]
[BlackTeamCountry "DEN"]

1. e4 c5 2. Nf3 Nc6 3. Bc4 e6 4. 0-0 d6 5. Re1 Nf6 6. Bb5 Bd7 7. c3 Ne5 8. Bxd7+ Nfxd7 9. d4 Nxf3+ 10. Qxf3 cxd4 11. cxd4 Be7 12. Qg3 0-0 13. Bh6 Bf6 14. Nc3 Kh8 15. Bf4 Bh4 16. Qh3 Be7 17. Rad1 Rc8 18. Rd3 Rc4 19. Qh5 Nf6 20. Qe2 Qa5 21. Bd2 Qa6 22. e5 dxe5 23. dxe5 Ng8 24. Rh3 h6 25. Ne4 Rd8 26. Bc3 Ra4 27. Qf3 Qc6 28. g4 b5 29. a3 b4 30. axb4 Bxb4 31. g5 Bxc3 32. bxc3 Qd5 33. Qf4 Ra5 34. gxh6 Qxe5 35. hxg7+ Kxg7 36. Rg3+ 1-0

[Event "Bundesliga 2324"]
[Site "Germany"]
[Date "2024.01.14"]
[Round "6.6"]
[White "Babula, Vlastimil"]
[Black "Thybo, Jesper Sondergaard"]
[Result "1-0"]
[WhiteElo "2538"]
[BlackElo "2539"]
[PlyCount "69"]
[EventDate "2023.10.21"]
[EventType "team-tourn"]
[EventRounds "15"]
[EventCountry "GER"]
[SourceTitle "CB03_2024"]
[SourceDate "2024.01.17"]
[SourceVersion "1"]
[SourceVersionDate "2024.01.17"]
[SourceQuality "1"]
[WhiteTeam "Werder Bremen"]
[BlackTeam "Kiel Turm"]
[WhiteTeamCountry "GER"]
[BlackTeamCountry "GER"]

1. d4 Nf6 2. c4 e6 3. Nc3 Bb4 4. e3 0-0 5. Bd3 c5 6. Nge2 Nc6 7. 0-0 d5 8. cxd5 exd5 9. a3 c4 10. Bc2 Bd6 11. f3 Bc7 12. Kh1 Qd6 13. g3 Bb6 14. Bd2 Re8 15. Qe1 h5 16. Qf2 Bh3 17. Rg1 Bd7 18. g4 hxg4 19. Raf1 Nd8 20. Qh4 Ne6 21. fxg4 Nf8 22. g5 Ne4 23. Nxe4 dxe4 24. Qf2 Qe6 25. Nf4 Qf5 26. g6 Nxg6 27. Qg2 Bc6 28. Bc3 Bd5 29. Nxd5 Qxd5 30. Rf4 Bc7 31. Bxe4 Qh5 32. Bxg6 fxg6 33. Rg4 Re6 34. e4 Rf8 35. e5 1-0

[Event "DEN-chT 2324 61st"]
[Site "Denmark"]
[Date "2023.12.10"]
[Round "4.1"]
[White "Thybo, Jesper Sondergaard"]
[Black "Hillarp Persson, Tiger"]
[Result "1-0"]
[WhiteElo "2539"]
[BlackElo "2497"]
[PlyCount "149"]
[EventDate "2023.10.28"]
[EventType "team-tourn"]
[EventRounds "9"]
[EventCountry "DEN"]
[SourceTitle "CB11_2024"]
[SourceDate "2024.03.13"]
[SourceVersion "1"]
[SourceVersionDate "2024.03.13"]
[SourceQuality "1"]
[WhiteTeam "Hillerod"]
[BlackTeam "Bronshoj"]
[WhiteTeamCountry "DEN"]
[BlackTeamCountry "DEN"]

1. d4 Nf6 2. c4 e6 3. Nf3 d5 4. g3 Bb4+ 5. Bd2 Be7 6. Bg2 c6 7. Qc2 0-0 8. 0-0 a5 9. Rd1 Nbd7 10. Bf4 h6 11. Nc3 dxc4 12. Nd2 Nd5 13. Nxc4 Nxf4 14. gxf4 Qc7 15. e3 Rd8 16. Rac1 Nf8 17. Ne5 f6 18. Ng6 Bd6 19. Nb5 Qf7 20. Nxd6 Rxd6 21. Qc5 Rd7 22. Nxf8 Qxf8 23. h4 Qd8 24. Qh5 Rd6 25. Kh2 Bd7 26. Rg1 Be8 27. Qg4 f5 28. Qg3 Qf6 29. Rc5 b6 30. Rc2 Rc8 31. b3 Kh7 32. Bf3 c5 33. Rgc1 Rb8 34. dxc5 bxc5 35. Rxc5 a4 36. Rc8 Rd8 37. Rxb8 Rxb8 38. bxa4 Rb2 39. Rc8 Qe7 40. a5 Rxa2 41. Ra8 Bf7 42. a6 Qc5 43. Bb7 Bh5 44. Rc8 Qe7 45. Rc6 Bf7 46. Kh3 Qd8 47. Rc1 Bh5 48. f3 Qd2 49. Rg1 Qc3 50. Rg2 Ra1 51. Kh2 Be8 52. Bc8 Qf6 53. Bxe6 Rxa6 54. Bxf5+ Kh8 55. e4 Ra7 56. Bh3 Ra5 57. e5 Qe7 58. Rc2 Bd7 59. Bxd7 Qxd7 60. Qg6 Ra8 61. Rg2 Re8 62. h5 Re7 63. Ra2 Re8 64. Kg3 Rf8 65. Rg2 Qc7 66. Qe4 Qe7 67. Kg4 Rc8 68. Qf5 Qe8 69. Rd2 Rc7 70. Qg6 Qc8+ 71. e6 Rc1 72. Kh3 Rh1+ 73. Kg3 Rg1+ 74. Rg2 Re1 75. Kf2 1-0

[Event "EU-chT 24th"]
[Site "Budva"]
[Date "2023.11.19"]
[Round "8.15"]
[White "Thybo, Jesper Sondergaard"]
[Black "Kjartansson, Gudmundur"]
[Result "1/2-1/2"]
[WhiteElo "2522"]
[BlackElo "2449"]
[PlyCount "271"]
[EventDate "2023.11.11"]
[EventType "team-swiss"]
[EventRounds "9"]
[EventCountry "MNE"]
[SourceTitle "CB47_2023"]
[SourceDate "2023.11.22"]
[SourceVersion "1"]
[SourceVersionDate "2023.11.22"]
[SourceQuality "1"]
[WhiteTeam "Denmark"]
[BlackTeam "Iceland"]
[WhiteTeamCountry "DEN"]
[BlackTeamCountry "ISL"]

1. Nf3 d5 2. g3 Nf6 3. Bg2 e6 4. 0-0 Be7 5. c4 0-0 6. d4 dxc4 7. Qc2 a6 8. a4 Bd7 9. Qxc4 Bc6 10. Bg5 Nbd7 11. Nc3 h6 12. Bxf6 Nxf6 13. a5 Qd6 14. Rfc1 Rab8 15. e3 Rfd8 16. Na4 Nd7 17. Nc3 Nf6 18. Ne2 Rbc8 19. Nf4 Be4 20. Nd3 Qd5 21. Qxd5 Nxd5 22. Nc5 Bxc5 23. Rxc5 f6 24. Rac1 c6 25. Ne1 Bxg2 26. Kxg2 Nc7 27. Kf1 g5 28. Ke2 Kf7 29. Nd3 Nb5 30. h4 Nd6 31. g4 Ne4 32. R5c2 Rh8 33. h5 Rhd8 34. f3 Nd6 35. Rf1 Ke7 36. Rcc1 Rg8 37. Nc5 e5 38. Rfd1 Rgd8 39. dxe5 fxe5 40. Rc3 Nb5 41. Rcd3 Rxd3 42. Rxd3 Nd6 43. Rb3 Rc7 44. Kd3 Ke8 45. Ne4 Nc8 46. Ng3 Nd6 47. Nf5 e4+ 48. fxe4 Nf7 49. Kd4 Rd7+ 50. Kc5 Kd8 51. Kb6 Kc8 52. Ka7 Ne5 53. Nxh6 b6+ 54. Kxa6 bxa5 55. Rc3 Kc7 56. Kxa5 Rh7 57. Nf5 Nxg4 58. b4 Kb7 59. b5 cxb5 60. Nd6+ Ka7 61. Nxb5+ Kb7 62. Nd6+ Ka7 63. Rc5 Rxh5 64. Rc7+ Kb8 65. Kb6 Rh8 66. Rb7+ Ka8 67. Rg7 Nxe3 68. Rxg5 Kb8 69. Kc6 Nc2 70. Rb5+ Ka7 71. Rb7+ Ka6 72. Rb2 Nd4+ 73. Kc5 Ne6+ 74. Kd5 Nf4+ 75. Kc6 Ka5 76. e5 Rh6 77. Rd2 Ne6 78. Rb2 Ka4 79. Kd5 Nc7+ 80. Kc4 Rh4+ 81. Kc5 Ne6+ 82. Kc6 Rh6 83. Rb8 Nf4 84. Re8 Kb4 85. Rf8 Nd3 86. Kd5 Nxe5 87. Kxe5 Rh1 88. Ne4 Kb3 89. Rb8+ Kc4 90. Rc8+ Kb4 91. Nc3 Rh4 92. Kd5 Kb3 93. Ne4 Rh7 94. Rb8+ Kc2 95. Kd4 Rd7+ 96. Ke3 Rd3+ 97. Ke2 Rh3 98. Nf2 Rb3 99. Ra8 Kc3 100. Ke3 Kc4+ 101. Ke4 Rb7 102. Rc8+ Kb5 103. Nd3 Rh7 104. Kd4 Rd7+ 105. Ke4 Rh7 106. Ne5 Rh1 107. Nc6 Re1+ 108. Kd5 Rd1+ 109. Nd4+ Kb6 110. Rc6+ Kb7 111. Rh6 Kc7 112. Rh2 Rd3 113. Rh7+ Kb6 114. Rh6+ Kc7 115. Rc6+ Kd7 116. Rd6+ Ke7 117. Ra6 Rd1 118. Rh6 Rd3 119. Ke4 Rd1 120. Nc6+ Kd7 121. Ne5+ Kc7 122. Nf3 Rd6 123. Rh5 Rd1 124. Nd4 Re1+ 125. Kd5 Rd1 126. Rh6 Rd3 127. Kc5 Rc3+ 128. Kb5 Rc1 129. Ne6+ Kd6 130. Nc5+ Ke7 131. Rc6 Kf7 132. Rc7+ Kg6 133. Rc6+ Kf7 134. Ne6 Rxc6 135. Nd8+ Kf6 136. Nxc6 1/2-1/2

[Event "ISL-chT Kvika 2324"]
[Site "Reykjavik"]
[Date "2023.10.14"]
[Round "4.1"]
[White "Petersson, Baldur Teodor"]
[Black "Thybo, Jesper Sondergaard"]
[Result "1/2-1/2"]
[WhiteElo "2199"]
[BlackElo "2539"]
[PlyCount "109"]
[EventDate "2023.10.12"]
[EventType "team-tourn"]
[EventRounds "10"]
[EventCountry "ISL"]
[SourceTitle "Mega2024 Update 01"]
[Source "Chessbase"]
[SourceDate "2023.11.12"]
[SourceVersion "1"]
[SourceVersionDate "2023.11.12"]
[SourceQuality "1"]
[WhiteTeam "Taflfelag Gardjabaejar"]
[BlackTeam "Skakdeild Fjolnis"]
[WhiteTeamCountry "ISL"]
[BlackTeamCountry "ISL"]

1. e4 c5 2. Nf3 d6 3. Bc4 Nf6 4. d3 Nc6 5. 0-0 g6 6. c3 Bg7 7. Bb3 0-0 8. Re1 Bg4 9. h3 Bxf3 10. Qxf3 e6 11. Bg5 h6 12. Bxf6 Bxf6 13. Nd2 b5 14. Qe3 b4 15. Rac1 Bg7 16. Nf3 Qb6 17. Ba4 Rfc8 18. Bxc6 Rxc6 19. e5 d5 20. h4 Qa5 21. Qf4 bxc3 22. bxc3 Qxa2 23. Nh2 Rc7 24. Ng4 Kh7 25. Nf6+ Bxf6 26. exf6 Rb7 27. c4 Rd8 28. h5 g5 29. Qe3 Qb2 30. Rb1 Qxb1 31. Rxb1 Rxb1+ 32. Kh2 d4 33. Qe4+ Kg8 34. Qc6 Rd1 35. f4 Rf1 36. fxg5 hxg5 37. Qxc5 Rf5 38. Qxa7 g4 39. Qb6 Rd7 40. Qc6 Ra7 41. c5 Kh7 42. Qd6 Rxh5+ 43. Kg3 Kg6 44. c6 Rd5 45. Qb8 Ra3 46. c7 Rxd3+ 47. Kf4 Rc3 48. c8Q Rxc8 49. Qxc8 d3 50. Qc1 d2 51. Qd1 Rd4+ 52. Ke5 Rd5+ 53. Kf4 Rd4+ 54. Ke5 Rd5+ 55. Kf4 1/2-1/2

[Event "ISL-chT Kvika 2324"]
[Site "Reykjavik"]
[Date "2023.10.13"]
[Round "2.1"]
[White "Sulypa, Oleksandr"]
[Black "Thybo, Jesper Sondergaard"]
[Result "1/2-1/2"]
[WhiteElo "2451"]
[BlackElo "2539"]
[PlyCount "47"]
[EventDate "2023.10.12"]
[EventType "team-tourn"]
[EventRounds "10"]
[EventCountry "ISL"]
[SourceTitle "Mega2024 Update 01"]
[Source "Chessbase"]
[SourceDate "2023.11.12"]
[SourceVersion "1"]
[SourceVersionDate "2023.11.12"]
[SourceQuality "1"]
[WhiteTeam "Taflfelag Reykjavikur"]
[BlackTeam "Skakdeild Fjolnis"]
[WhiteTeamCountry "ISL"]
[BlackTeamCountry "ISL"]

1. c4 Nf6 2. Nc3 c5 3. Nf3 e6 4. g3 d5 5. cxd5 exd5 6. d4 Nc6 7. Bg2 cxd4 8. Nxd4 Bc5 9. Nxc6 bxc6 10. 0-0 0-0 11. Na4 Bb6 12. Qc2 Bd7 13. Nxb6 axb6 14. a4 Re8 15. Re1 Ne4 16. Rd1 h5 17. f3 Nf6 18. Bg5 Qe7 19. e4 dxe4 20. fxe4 Ra5 21. Bxf6 gxf6 22. b4 Ra7 23. Qf2 Qxb4 24. Qxf6 1/2-1/2

[Event "ISL-chT Kvika 2324"]
[Site "Reykjavik"]
[Date "2023.10.12"]
[Round "1.1"]
[White "Thybo, Jesper Sondergaard"]
[Black "Van den Berg, Bram"]
[Result "1/2-1/2"]
[WhiteElo "2539"]
[BlackElo "2182"]
[PlyCount "96"]
[EventDate "2023.10.12"]
[EventType "team-tourn"]
[EventRounds "10"]
[EventCountry "ISL"]
[SourceTitle "Mega2024 Update 01"]
[Source "Chessbase"]
[SourceDate "2023.11.12"]
[SourceVersion "1"]
[SourceVersionDate "2023.11.12"]
[SourceQuality "1"]
[WhiteTeam "Skakdeild Fjolnis"]
[BlackTeam "Skakdeild KR"]
[WhiteTeamCountry "ISL"]
[BlackTeamCountry "ISL"]

1. d4 Nf6 2. c4 e5 3. dxe5 Ne4 4. a3 d6 5. Nf3 Nc6 6. exd6 Bxd6 7. Nbd2 Bf5 8. Qb3 0-0 9. Nxe4 Bxe4 10. e3 Qf6 11. Be2 Rad8 12. c5 Bxc5 13. Qc4 Qe7 14. b4 Qf6 15. 0-0 Qxa1 16. Qxe4 Bd6 17. b5 Ne7 18. Nd4 c5 19. Nf3 Rfe8 20. Bc4 Qf6 21. Qxb7 Nc8 22. e4 Re7 23. Qc6 h6 24. e5 Bxe5 25. Qxc5 Nb6 26. Bb3 Rc8 27. Qb4 Bd6 28. Qg4 Rce8 29. Bc2 Nd5 30. g3 Nc3 31. Be3 Nxb5 32. a4 Nc3 33. Kh1 Ne4 34. Bd4 Qg6 35. Qxg6 fxg6 36. Nh4 Nd2 37. Rd1 Re1+ 38. Rxe1 Rxe1+ 39. Kg2 a5 40. Bxg6 Be7 41. Bc3 Bb4 42. Bb2 Nc4 43. Bd4 Nd6 44. Bc2 Rc1 45. Bb3+ Kh7 46. Bb2 Rc7 47. Be5 Rc8 48. Ba2 Rc1 1/2-1/2

[Event "Skanderborg Smuk"]
[Site "Skanderborg"]
[Date "2023.08.19"]
[Round "8"]
[White "Thybo, Jesper Sondergaard"]
[Black "Panjwani, Raja"]
[Result "0-1"]
[WhiteElo "2542"]
[BlackElo "2469"]
[PlyCount "80"]
[EventDate "2023.08.12"]
[EventType "tourn"]
[EventRounds "9"]
[EventCountry "DEN"]
[EventCategory "8"]
[SourceTitle "CBM 215 Extra"]
[Source "ChessBase"]
[SourceDate "2023.09.30"]
[SourceVersion "1"]
[SourceVersionDate "2023.09.30"]
[SourceQuality "1"]

1. Nf3 Nf6 2. c4 g6 3. Nc3 Bg7 4. e4 d6 5. d4 0-0 6. Be2 e5 7. 0-0 Nc6 8. d5 Ne7 9. Bg5 Nd7 10. Nd2 f5 11. f3 f4 12. Bh4 g5 13. Bf2 h5 14. b4 Nf6 15. c5 g4 16. Bh4 g3 17. Nc4 Ng6 18. Bg5 Qe8 19. Nxd6 cxd6 20. Nb5 Nh7 21. Nxd6 Qd7 22. Bb5 Qc7 23. Ne8 Qf7 24. Nd6 Qc7 25. Be8 Nxg5 26. Bxg6 h4 27. Nxc8 Qxc8 28. h3 a5 29. a3 Rf6 30. Bh5 axb4 31. axb4 Rxa1 32. Qxa1 Ra6 33. Qb2 Qa8 34. d6 Ra2 35. Qb3+ Kh8 36. Rd1 Ra1 37. d7 Ne6 38. Kf1 Nd4 39. Qd3 Bf6 40. Ke1 Rxd1+ 0-1

[Event "Skanderborg Smuk"]
[Site "Skanderborg"]
[Date "2023.08.18"]
[Round "7"]
[White "Fromm, Marius"]
[Black "Thybo, Jesper Sondergaard"]
[Result "1-0"]
[WhiteElo "2458"]
[BlackElo "2542"]
[PlyCount "103"]
[EventDate "2023.08.12"]
[EventType "tourn"]
[EventRounds "9"]
[EventCountry "DEN"]
[EventCategory "8"]
[SourceTitle "CBM 215 Extra"]
[Source "ChessBase"]
[SourceDate "2023.09.30"]
[SourceVersion "1"]
[SourceVersionDate "2023.09.30"]
[SourceQuality "1"]

1. e4 c5 2. Nf3 Nc6 3. Nc3 e5 4. Bc4 Be7 5. d3 d6 6. 0-0 Nf6 7. Ng5 0-0 8. f4 Bg4 9. Qe1 exf4 10. Bxf4 Nd4 11. Qd2 h6 12. Nf3 Nxf3+ 13. gxf3 Bh3 14. Kh1 Bxf1 15. Rxf1 Kh7 16. Qg2 Ne8 17. Bd2 Nc7 18. f4 b5 19. Nxb5 Nxb5 20. Bxb5 Bf6 21. e5 dxe5 22. fxe5 Bg5 23. Bc3 Qe7 24. Bc4 Rad8 25. Qe4+ Kh8 26. Rf5 Rb8 27. a3 Bc1 28. Bb3 Bg5 29. a4 Rbd8 30. Bc4 Rb8 31. a5 Rbd8 32. Kg2 Rb8 33. b3 Rbd8 34. Kg3 Bc1 35. h4 Ba3 36. a6 Bb4 37. Bb2 Ba5 38. Kf3 Bc7 39. Ke2 Rb8 40. Kd1 Rb6 41. h5 Bd8 42. Qf3 Kg8 43. Kc1 Bc7 44. Kb1 Qd7 45. Qg4 Qe7 46. Bc3 Kh8 47. Qf3 f6 48. d4 Rbb8 49. exf6 Rxf6 50. dxc5 Rxf5 51. Qxf5 Rf8 52. Qg6 1-0

[Event "DEN-ch Blitz op"]
[Site "Avedore"]
[Date "2023.05.14"]
[Round "5"]
[White "Nielsen, Viktor Haarmark"]
[Black "Thybo, Jesper Sondergaard"]
[Result "0-1"]
[WhiteElo "2328"]
[BlackElo "2538"]
[PlyCount "52"]
[EventDate "2023.05.14"]
[EventType "swiss (blitz)"]
[EventRounds "13"]
[EventCountry "DEN"]
[SourceTitle "CBM 214 Extra"]
[Source "ChessBase"]
[SourceDate "2023.07.31"]
[SourceVersion "1"]
[SourceVersionDate "2023.07.31"]
[SourceQuality "1"]

1. d4 Nf6 2. c4 e6 3. Nf3 c5 4. d5 exd5 5. cxd5 d6 6. Nc3 g6 7. Bf4 a6 8. a4 Bg7 9. h3 0-0 10. e3 Re8 11. Nd2 Nfd7 12. Be2 Ne5 13. 0-0 Nbd7 14. Bh2 f5 15. Qc2 Qe7 16. Rae1 Nf6 17. f4 Nf7 18. Bf3 b5 19. axb5 axb5 20. e4 b4 21. Nd1 fxe4 22. Nxe4 Bf5 23. Ndf2 Nxe4 24. Bxe4 Bd4 25. Bxf5 Qxe1 26. Be6 Ra1 0-1

[Event "DEN-ch Blitz op"]
[Site "Avedore"]
[Date "2023.05.14"]
[Round "8"]
[White "Thybo, Jesper Sondergaard"]
[Black "Loftgaard, Mikkel Vinh"]
[Result "1-0"]
[WhiteElo "2538"]
[BlackElo "2258"]
[PlyCount "81"]
[EventDate "2023.05.14"]
[EventType "swiss (blitz)"]
[EventRounds "13"]
[EventCountry "DEN"]
[SourceTitle "CBM 214 Extra"]
[Source "ChessBase"]
[SourceDate "2023.07.31"]
[SourceVersion "1"]
[SourceVersionDate "2023.07.31"]
[SourceQuality "1"]

1. Nf3 Nf6 2. g3 b5 3. e3 a6 4. b3 Bb7 5. c4 b4 6. Bb2 e6 7. Bg2 d5 8. 0-0 Be7 9. d4 0-0 10. Nbd2 c5 11. Qe2 Nbd7 12. Rfd1 Qb6 13. cxd5 exd5 14. dxc5 Nxc5 15. Nd4 Nce4 16. Nf5 Rfe8 17. Nxe4 dxe4 18. Nxe7+ Rxe7 19. Rac1 Ree8 20. Bd4 Qd8 21. Rc5 Rc8 22. Rxc8 Bxc8 23. Qc2 Bg4 24. Rd2 Qe7 25. h3 Bf5 26. g4 Bg6 27. Qc5 Qxc5 28. Bxc5 a5 29. Bb6 a4 30. bxa4 h5 31. g5 Nh7 32. h4 f6 33. gxf6 Nxf6 34. a5 Ra8 35. Rd8+ Rxd8 36. Bxd8 Bf7 37. a6 Bd5 38. Bxf6 gxf6 39. Bh3 Kf8 40. Bc8 Bxa2 41. Bb7 1-0

[Event "DEN-ch Rapid op"]
[Site "Avedore"]
[Date "2023.05.13"]
[Round "2"]
[White "Thybo, Jesper Sondergaard"]
[Black "Lauridsen, Jesper Morch"]
[Result "1-0"]
[WhiteElo "2538"]
[BlackElo "2304"]
[PlyCount "55"]
[EventDate "2023.05.13"]
[EventType "swiss (rapid)"]
[EventRounds "7"]
[EventCountry "DEN"]
[SourceTitle "CBM 214 Extra"]
[Source "ChessBase"]
[SourceDate "2023.07.31"]
[SourceVersion "1"]
[SourceVersionDate "2023.07.31"]
[SourceQuality "1"]

1. Nf3 d5 2. g3 Nf6 3. Bg2 e6 4. 0-0 c5 5. d4 cxd4 6. Nxd4 Bc5 7. Nb3 Bb6 8. c4 0-0 9. cxd5 exd5 10. Nc3 d4 11. Na4 Nc6 12. Nxb6 axb6 13. Bg5 Re8 14. e3 d3 15. Bxf6 gxf6 16. a3 Bf5 17. Rc1 Qd7 18. Rc3 Rad8 19. Nd2 Kg7 20. Qb3 Bh3 21. Qxb6 Bxg2 22. Kxg2 Ne5 23. Rc7 Qf5 24. e4 Qh5 25. f3 Re6 26. Qxe6 Qh6 27. f4 Rf8 28. Qh3 1-0

[Event "DEN-ch Rapid op"]
[Site "Avedore"]
[Date "2023.05.13"]
[Round "6"]
[White "Thybo, Jesper Sondergaard"]
[Black "Meskenas, Paulius"]
[Result "1-0"]
[WhiteElo "2538"]
[BlackElo "2194"]
[PlyCount "40"]
[EventDate "2023.05.13"]
[EventType "swiss (rapid)"]
[EventRounds "7"]
[EventCountry "DEN"]
[SourceTitle "CBM 214 Extra"]
[Source "ChessBase"]
[SourceDate "2023.07.31"]
[SourceVersion "1"]
[SourceVersionDate "2023.07.31"]
[SourceQuality "1"]

1. Nf3 Nf6 2. g3 g6 3. Bg2 Bg7 4. c4 c6 5. d4 d5 6. 0-0 0-0 7. cxd5 cxd5 8. Ne5 Nc6 9. Nc3 Be6 10. Bf4 Rc8 11. Rc1 Qa5 12. a3 Rfd8 13. h3 Nd7 14. Nxc6 bxc6 15. Na4 c5 16. dxc5 Nxc5 17. Rxc5 Rxc5 18. b4 Qa6 19. Nxc5 Qxa3 20. Nxe6 Ra8 1-0

[Event "Bundesliga 2223"]
[Site "Germany"]
[Date "2023.04.30"]
[Round "15.3"]
[White "Thybo, Jesper Sondergaard"]
[Black "Stevic, Hrvoje"]
[Result "1/2-1/2"]
[WhiteElo "2498"]
[BlackElo "2565"]
[PlyCount "61"]
[EventDate "2022.10.21"]
[EventType "team-tourn"]
[EventRounds "15"]
[EventCountry "GER"]
[SourceTitle "CBM 213 Extra"]
[Source "ChessBase"]
[SourceDate "2023.05.31"]
[SourceVersion "1"]
[SourceVersionDate "2023.05.31"]
[SourceQuality "1"]
[WhiteTeam "Kiel Turm"]
[BlackTeam "Kirchweyhe"]
[WhiteTeamCountry "GER"]
[BlackTeamCountry "GER"]

1. d4 d5 2. Nf3 Nf6 3. c4 dxc4 4. e3 e6 5. Bxc4 c5 6. 0-0 Nc6 7. Bb5 Bd7 8. Nc3 a6 9. Bd3 cxd4 10. exd4 Nb4 11. Ne5 Be7 12. Be2 0-0 13. Bf3 Bc6 14. Nxc6 bxc6 15. Na4 Qc7 16. a3 Nbd5 17. Qc2 Rfc8 18. Rd1 Qa7 19. Bg5 h6 20. Bh4 Nd7 21. Bxe7 Nxe7 22. Rac1 Rab8 23. Qc3 a5 24. Rc2 Qa6 25. Nc5 Nxc5 26. Qxc5 Rc7 27. g3 Rb5 28. Qd6 Qc8 29. Qf4 Rd7 30. Rdc1 Qb8 31. Qxb8+ 1/2-1/2

[Event "DEN-ch"]
[Site "Svendborg"]
[Date "2023.04.09"]
[Round "9"]
[White "Thybo, Jesper Sondergaard"]
[Black "Aagaard, Jacob"]
[Result "1-0"]
[WhiteElo "2527"]
[BlackElo "2449"]
[PlyCount "57"]
[EventDate "2023.04.01"]
[EventType "tourn"]
[EventRounds "9"]
[EventCountry "DEN"]
[EventCategory "9"]
[SourceTitle "CBM 213 Extra"]
[Source "ChessBase"]
[SourceDate "2023.05.31"]
[SourceVersion "1"]
[SourceVersionDate "2023.05.31"]
[SourceQuality "1"]

1. Nf3 Nf6 2. g3 g6 3. Bg2 Bg7 4. c4 0-0 5. Nc3 d5 6. cxd5 Nxd5 7. h4 e5 8. Qb3 Nxc3 9. dxc3 h6 10. Be3 Qe7 11. Nd2 Nd7 12. Ne4 Kh8 13. h5 g5 14. g4 f5 15. gxf5 Rxf5 16. 0-0-0 Nb6 17. Bh3 Be6 18. Qb4 Qf7 19. Nc5 Bxa2 20. Bxf5 Qxf5 21. Qe4 Qf7 22. Qxb7 Bd5 23. Rxd5 Qxd5 24. Rd1 Qa2 25. Rd7 Re8 26. Rxc7 Rd8 27. Qxa7 Rd1+ 28. Kxd1 Qb1+ 29. Bc1 1-0

[Event "DEN-ch"]
[Site "Svendborg"]
[Date "2023.04.06"]
[Round "6"]
[White "Borge, Nikolaj"]
[Black "Thybo, Jesper Sondergaard"]
[Result "0-1"]
[WhiteElo "2387"]
[BlackElo "2527"]
[PlyCount "72"]
[EventDate "2023.04.01"]
[EventType "tourn"]
[EventRounds "9"]
[EventCountry "DEN"]
[EventCategory "9"]
[SourceTitle "CBM 213 Extra"]
[Source "ChessBase"]
[SourceDate "2023.05.31"]
[SourceVersion "1"]
[SourceVersionDate "2023.05.31"]
[SourceQuality "1"]

1. e4 c5 2. Nf3 Nc6 3. d4 cxd4 4. Nxd4 Nf6 5. Nc3 e5 6. Ndb5 d6 7. Nd5 Nxd5 8. exd5 Nb8 9. a4 Be7 10. Be2 Nd7 11. 0-0 0-0 12. Kh1 f5 13. f4 a6 14. Na3 exf4 15. Bxf4 g5 16. Bd2 Ne5 17. Nc4 Nxc4 18. Bxc4 Bf6 19. Ra3 f4 20. Rb3 Bf5 21. h4 Be5 22. Bd3 g4 23. Be1 h5 24. Bxf5 Rxf5 25. Qd3 Qf6 26. Rxb7 Rf8 27. Kg1 g3 28. Rf3 Qxh4 29. Qe4 Qh2+ 30. Kf1 h4 31. Rc3 h3 32. gxh3 Qxh3+ 33. Ke2 f3+ 34. Kd1 f2 35. Bxf2 Qh5+ 36. Kc1 gxf2 0-1